Responses for Show #6111 - Monday, March 21, 2011

Tom Kunzen game 5.

Contestants

[<< previous game]

Erin Maxwell, a high school English and drama teacher from Chicago, Illinois

Stephen Huey, a lawyer from Arlington, Virginia

Tom Kunzen, a geotechnical engineer from Orlando, Florida (whose 4-day cash winnings total $110,601)

[next game >>]

Jeopardy! Round responses

FLAGS OF THE WORLD
NETWORKING
(Alex: We'll give you a show. You identify the network that carries that program.)
AN ANCIENT GREEK NEWSCAST
OFFBEAT MUSEUMS
INTERNAL RHYMES
STUPID ANSWERS
    $200 1
(Stephen: Uh, what is the date line?)

the Equator

StephenErin
    $200 2
ESPN

Erin
    $200 13
Sparta

Tom
    $200 22
shoes

Stephen
    $200 7
a bigwig

Tom
    $200 12
Hollywood Boulevard

Tom
    $400 8
Gibraltar

Tom
    $400 3
the Food Network

Erin
    $400 14
(Stephen: Who is Poseidon?)

Zeus

StephenErin
    $400 23
buffalo

Stephen
    $400 15
a powwow

Tom
    $400 27
heroin

Erin
    $600 9
Portugal

Stephen
    $600 4
(Tom: What is E!?)

Lifetime

TomStephen
    $600 16
the Persian Empire

Tom
    $600 24
Spam

Tom
    $600 19
a backpack

Tom
    $600 28
WD-40

Tom
    $800 10
(Erin: What is Jordan?)

Saudi Arabia

StephenErin
    $800 5
the Discovery Channel

Erin
    $800 17
Heracles

Tom
    $800 25
nutcrackers

Erin
    $800 20
a hobo

Stephen
    $800 29
the Today show

Tom
    $1000 11
American Samoa

Stephen
    $1000 6
TNT

Erin
    $1000 18
Sophocles

Tom
    $2,000 26
sulfur

Erin
    $1000 21
ragtag

Tom
    $1000 30
(Tom: What is music?)

a song

TomErin

Scores at the first commercial break (after clue 15):

Tom Stephen Erin
$800 $2,400 $2,200

Scores at the end of the Jeopardy! Round:

Tom Stephen Erin
$5,800 $3,800 $6,400

Double Jeopardy! Round responses

COMPLETES THE PULITZER-WINNING PLAY TITLE
THE SPORT'S GOVERNING BODY
(Alex: You identify the sport for us.)
AMERICAN FACES
IT'S "AH" FULL
I COME FROM OUTER SPACE
NEIL, EARTHLING
    $400 22
Daisy

Tom
    $400 1
soccer

Stephen
    $400 6
Jefferson Davis

Tom
    $400 11
a messiah complex

Tom
    $400 16
methane

Tom
    $400 21
Neil Armstrong

Erin
    $800 24
Illinois

Triple Stumper
    $800 2
(Erin: What is basketball?)

boxing

TomErin
    $800 7
Davy Crockett

Stephen
    $800 12
mahogany

Tom
    $800 17
a pinwheel

Tom
    $800 23
Neil Diamond

Stephen
    $1200 25
Life

Erin
    $1200 3
table tennis

Tom
    $1200 8
Charles Lindbergh

Tom
    $1200 13
doo-dah

Stephen
    $1200 18
a white dwarf

Stephen
    $4,000 28
FDR

Erin
    $1600 26
Championship

Erin
    $1600 4
sumo

Stephen
    $1600 9
(Salmon) Chase

Tom
    $1,600 14
(Alex: Two pyramids slapped together.)

an octahedron

Stephen
    $1600 19
a radio telescope

Tom
    $1600 29
eHarmony.com

Tom
    $2000 27
Gin

Triple Stumper
    $2000 5
skiing

Triple Stumper
    $2000 10
(Shirley) Chisholm

Tom
    $2000 15
(Erin: ...What is an Afghan?)

a mahal

Erin
Triple Stumper
    $2000 20
(Tom: What is the Ancients?)

the Gods

Tom
Triple Stumper
    $2000 30
Neil Gaiman

Tom

Scores at the end of the Double Jeopardy! Round:

Tom Stephen Erin
$19,000 $11,400 $10,800

[wagering suggestions for these scores]

Final Jeopardy! Round responses

COMIC BOOK CHARACTERS ON SCREEN
ErinWhat is Catwoman?
$10,000
StephenWhat is Catwoman
$11,400
TomWhat is Catwoman?
$3,801
Catwoman

Final scores:

Tom Stephen Erin
$22,801 $22,800 $20,800
5-day champion: $133,402 2nd place: $2,000 3rd place: $1,000

Game dynamics:

Coryat scores:

Tom Stephen Erin
$19,000 $11,400 $7,000
27 R,
3 W
14 R
(including 1 DD),
2 W
14 R
(including 2 DDs),
3 W

Combined Coryat: $37,400

[game clues] [game scores] [suggest correction]

Game tape date: 2010-11-16
The J! Archive is created by fans, for fans. Scraping, republication, monetization, and malicious use prohibited; this site may use cookies and collect identifying information. See terms. The Jeopardy! game show and all elements thereof, including but not limited to copyright and trademark thereto, are the property of Jeopardy Productions, Inc. and are protected under law. This website is not affiliated with, sponsored by, or operated by Jeopardy Productions, Inc. Join the discussion at JBoard.tv.